000 00926nas a2200313 4500
001 BR0800581
003 BR-BrBNA
005 20231205111517.0
007 ta
008 230509b bl.|||p| |||| 00| 00por d
040 _aBR-BrBNA
_bpor
_cBiblioteca Nacional de Agricultura
041 _a(En)
072 _aH10; H20
100 1 _aBarbosa, D.H.S.G.
100 1 _aVieira, H.D.
100 1 _aSouza, R.M.
100 1 _aSilva, C.P.
245 1 _aSurvey of root-knot nematode (Meloidogyne spp.)in coffea plantations in the of Rio de Janeiro, Brazil
650 _aPRAGA DE PLANTA
650 _aDOENÇA DE PLANTA
650 _aNEMATÓIDE
650 _aMELOIDOGYNE SPP
650 _aCAFÉ
650 _aRIO DE JANEIRO
650 _aBRASIL
773 0 _tNematologia Brasileira (Brazil)
_xISSN 0102-2997
_g(Jun 2004), v. 28(1) p. 43-47
_wBR0800581
909 _a202311
_bLúcia
_c55
_dLúcia Elande
942 _2AGRIS
_n0
_cANA
999 _c193104
_d193104